00513nam a2200193 a 4500001001300000003000900013005001700022008004100039020002300080082001500103100002000118245002600138260004900164300001000213500003500223505001800258650002300276700002000299nice12345678IN_TiNIC20260116014003.0050524s1969 mica grp 000 0 eng  a0310100 c44000a220.3bNAV aNave, Orville J aNave`s Topical Bible. aMichigan bZondervan Publishing House c1969 a1114p aincludes index and biblioraphy2 aSubject Index aBible-Dictionaries1 aNave, Orville J